书目信息 |
| 题名: |
俗物图鉴
|
|
| 作者: | 汤祯兆 著 | |
| 分册: | ||
| 出版信息: | 济南 山东人民出版社 2012 |
|
| 页数: | 210页 | |
| 开本: | 21cm | |
| 丛书名: | ||
| 单 册: | ||
| 中图分类: | G131.32 , G131.3 | |
| 科图分类: | ||
| 主题词: | 现代文化--研究--日本 | |
| 电子资源: | ||
| ISBN: | 978-7-209-06733-1 | |
| 000 | 00804nam0 2200253 450 | |
| 001 | 2358081780 | |
| 005 | 20231207160818.51 | |
| 010 | @a978-7-209-06733-1@dCNY32.00 | |
| 100 | @a20120920d2012 em y0chiy50 ea | |
| 101 | 0 | @achi |
| 102 | @aCN@b370000 | |
| 105 | @aa z 000yy | |
| 200 | 1 | @a俗物图鉴@Asu wu tu jian@e流行文化里的日本@f汤祯兆著 |
| 210 | @a济南@c山东人民出版社@d2012 | |
| 215 | @a210页@c彩图@d21cm | |
| 300 | @a复刻新版 | |
| 330 | @a本书内容包括: 影像世界, 陆离人间; 脑力观察, 街头实践; 漫画常情, 漫画荒谬; 文学世相, 陆离浮绘等。 | |
| 517 | 1 | @a流行文化里的日本@Aliu xing wen hua li de ri ben |
| 606 | 0 | @a现代文化@x研究@y日本 |
| 690 | @aG131.32@v5 | |
| 690 | @aG131.3@v4 | |
| 701 | 0 | @a汤祯兆@Atang zhen zhao@4著 |
| 801 | 0 | @aCN@b湖北三新@c20121017 |
| 905 | @aZUCC@dG131.3@e6 | |
| 俗物图鉴:流行文化里的日本/汤祯兆著.-济南:山东人民出版社,2012 |
| 210页:彩图;21cm |
| 复刻新版 |
| ISBN 978-7-209-06733-1:CNY32.00 |
| 本书内容包括: 影像世界, 陆离人间; 脑力观察, 街头实践; 漫画常情, 漫画荒谬; 文学世相, 陆离浮绘等。 |
| ● |
| 相关链接 |
|
|
|
正题名:俗物图鉴
索取号:G131.3/6
 
预约/预借
| 序号 | 登录号 | 条形码 | 馆藏地/架位号 | 状态 | 备注 |
| 1 | 2001411441 | 2001411441 | 617书库/ [索取号:G131.3/6] | 在馆 | |
| 2 | 2001411442 | 2001411442 | 617书库/ [索取号:G131.3/6] | 在馆 | |
| 3 | 2001411443 | 2001411443 | 617书库/ [索取号:G131.3/6] | 在馆 | |
| 4 | 2001411444 | 2001411444 | 617书库/ [索取号:G131.3/6] | 在馆 | |
| 5 | 2001411445 | 2001411445 | 617书库/ [索取号:G131.3/6] | 在馆 | |
| 6 | 2001411446 | 2001411446 | 617书库/ [索取号:G131.3/6] | 在馆 | |
| 7 | 2001411447 | 2001411447 | 617书库/ [索取号:G131.3/6] | 在馆 | |
| 8 | 2001411448 | 2001411448 | 617书库/ [索取号:G131.3/6] | 在馆 | |
| 9 | 2001411449 | 2001411449 | 617书库/ [索取号:G131.3/6] | 在馆 | |
| 10 | 2001411450 | 2001411450 | 617书库/ [索取号:G131.3/6] | 在馆 | |
| 11 | 2001411451 | 2001411451 | 617书库/ [索取号:G131.3/6] | 在馆 | |
| 12 | 2001411452 | 2001411452 | 617书库/ [索取号:G131.3/6] | 在馆 | |
| 13 | 2001411453 | 2001411453 | 617书库/ [索取号:G131.3/6] | 在馆 | |
| 14 | 2001411454 | 2001411454 | 617书库/ [索取号:G131.3/6] | 在馆 | |
| 15 | 2001411455 | 2001411455 | 617书库/ [索取号:G131.3/6] | 在馆 | |
| 16 | 2001411456 | 2001411456 | 617书库/ [索取号:G131.3/6] | 在馆 | |
| 17 | 2001411457 | 2001411457 | 617书库/ [索取号:G131.3/6] | 在馆 | |
| 18 | 2001411458 | 2001411458 | 617书库/ [索取号:G131.3/6] | 在馆 | |
| 19 | 2001411459 | 2001411459 | 617书库/ [索取号:G131.3/6] | 在馆 | |
| 20 | 2001411460 | 2001411460 | 617书库/ [索取号:G131.3/6] | 在馆 | |
| 21 | 2001411461 | 2001411461 | 617书库/ [索取号:G131.3/6] | 在馆 | |
| 22 | 2001411462 | 2001411462 | 617书库/ [索取号:G131.3/6] | 在馆 | |
| 23 | 2001411463 | 2001411463 | 617书库/ [索取号:G131.3/6] | 在馆 | |
| 24 | 2001411464 | 2001411464 | 617书库/ [索取号:G131.3/6] | 在馆 | |
| 25 | 2001411465 | 2001411465 | 617书库/ [索取号:G131.3/6] | 在馆 | |
| 26 | 2001411466 | 2001411466 | 617书库/ [索取号:G131.3/6] | 在馆 | |
| 27 | 2001411467 | 2001411467 | 617书库/ [索取号:G131.3/6] | 在馆 | |
| 28 | 2001411468 | 2001411468 | 617书库/ [索取号:G131.3/6] | 在馆 | |
| 29 | 2001411469 | 2001411469 | 617书库/ [索取号:G131.3/6] | 在馆 | |
| 30 | 2001411470 | 2001411470 | 617书库/ [索取号:G131.3/6] | 在馆 |